000 01632nam a2200361 i 4500
001 768714001
003 CO-MdFUSB
005 20260406122931.0
007 ta
008 250904t2007 -us |||g |||| 00| 0 spa d
020 _a978-0-8297-4864-2
040 _aCO-MdFUSB
_bspa
_cCO-MdFUSB
_dCO-MdFUSBC
_erda
041 _aspa
082 _223
_a248.83
_bG633
100 _aGómez, Alejandro,
_eautor
245 _aLas 10 plagas de la cybergeneración :
_b10 plagas que atacan tu vida y pondrán en peligro el futuro del planeta
_c/ Alejandro Gómez ; editado por Andrés Carrodeguas.
264 1 _aEstados Unidos :
_bVida,
_c[2007]
264 4 _c©2007
300 _a203 páginas
_c; 21 cm
336 _2rdacontent
_atexto
_btxt
337 _2rdamedia
_asin mediación
_bn
338 _2rdacarrier
_avolumen
_bnc
505 _aLa homosexualidad: un santo en Babilonia. -- El aborto: salvemos a los dos. -- Las drogas: mi amante blanca. -- La masturbación: la tijera de Dios. -- El abuso y la violación: un juego inofensivo. -- La bulimia y la anorexia: lo que se usa. -- La violencia familiar: la historia que se repite. -- El alcohol: caída libre. -- La depresión y la soledad: no tengo respuestas. -- Descifremos la clave secreta: ¡por favor, ajústate el cinturón!
563 _arústico
653 _aJóvenes — Conducta de vida
653 _aProblemas sociales — Aspectos morales y religiosos
653 _aÉtica cristiana
653 _aConducta (Psicología)
653 _aVida cristiana — Juventud
700 _aCarrodeguas, Andrés,
_95347
_eeditor
942 _cBK
945 _aEstudiante Juan Eusse
999 _c71429
_d71429